| 000 | 01615nam a2200265 i 4500 | ||
|---|---|---|---|
| 001 | 28654 | ||
| 003 | ES-MaACL | ||
| 005 | 20250728095942.0 | ||
| 007 | t| | ||
| 008 | 030117m18851887cu ||||1| spa d | ||
| 100 | 1 |
_aBalmaseda, Francisco Javier ( _d1833-1907) _925095 |
|
| 245 | 1 | 0 |
_aTesoro del agricultor cubano : _bmétodos para el cultivo de las principales plantas propias del clima de la isla de Cuba / _cescritos ó coleccionados por Francisco Javier Balmaseda, ampliadas con estudios agrícola-económico sobre el porvenir de cada producto así como algo de horticultura, ganadería y veterinaría y una introducción de Francisco Jimeno. |
| 260 |
_aHabana : _bLa Propaganda Literaria, _c1885-1887. |
||
| 300 |
_a3 v. ; _c19 cm. |
||
| 490 | 1 | _aBiblioteca de la Propaganda Literaria | |
| 505 | 8 | _aContiene: t. 1. Cacao, tabaco, café, maíz, magüey, algodón (XXII, 234 p.) -- t. 2. Naranjo, cocotero, abejas, caña de azúcar, plátano, hiraca, arroz, maní (cacahuete), la vid, piña, caucho, eucalyptus, tágua, etc.(XV, 421 p.)-- t. 3. Gallinas, pavos, palomas, ganadería, veterinaria, horticultura, floricultura, fabricación de azúcar, abonos, aguardientes (426 p.) | |
| 530 | _aDisponible en formato digital. | ||
| 650 | 7 |
_aTécnicas agrícolas _2embne _9155853 |
|
| 650 | 4 |
_aPlantas cultivadas- _zCuba. _9159355 |
|
| 650 | 0 | 4 |
_aProducción animal. _916445 |
| 830 | 0 |
_aBiblioteca de la Propaganda Literaria _9181978 |
|
| 852 |
_aES-MaACL _jG-7568-70 |
||
| 856 |
_uhttp://bdh-rd.bne.es/viewer.vm?id=0000050329&page=1 _zBiblioteca Digital Hispánica |
||
| 999 |
_c28654 _d28654 |
||